| 000 | 00451 a2200121 4500 | ||
|---|---|---|---|
| 020 | _a0070072655 (alk. paper) | ||
| 082 | _a691 BRA | ||
| 100 | _aBrantley, L. Reed. | ||
| 245 |
_aBuilding materials technology : _bstructural performance and environmental impact / _cL. Reed Brantley, Ruth T. Brantley. |
||
| 260 |
_aNew York : _bMcGraw-Hill, _c1996. |
||
| 300 |
_axvii, 327 p. : _bill. ; _c24 cm. |
||
| 650 | _aBuilding materials. | ||
| 650 |
_aBuilding materials _xEnvironmental aspects. |
||
| 999 |
_c1757 _d1757 |
||